000
00276 a2200145 4500
001
161155
020
_a
040
_c
Magnum
100
_a
-
240
1
0
_a
A lebre fanfarrona
_l
por
245
1
0
_a
A lebre fanfarrona
362
0
_a
1899
697
_a
I/ANIMAIS
942
_c
BK
999
_c
161155
_d
161155